000 01332nam a2200241 a 4500
008 190715s2014 ||||||||||||||||| || u
020 _a9780273769088
050 _aTK 7881.15 Ras
100 _aKumar, Narendra
245 1 0 _aPower electronics: devices, circuits, and applications. (4th edition)
_cBy Muhammad H. Rashid
250 _a4th edition
260 _aBoston
_bPearson
_c2014
300 _a1022 pages : illustrations
350 _a49.98
650 0 _aPOWER ELECTRONICS
700 _aKulkarni, Ashish
700 _aRashid, Muhammad H
995 _aMAIN LIBRARY OPEN ACCESS
_e749465
_FCBU-MAIN LIBRARY (Kitwe)
_I49.98
_jTK 7881.15 Ras
_M2
_UAVAILABLE
_WJul 16, 2019
_y749465
_ZMain Library Open Access Collection
995 _aSHORT LOAN BOOKS
_e750080
_FCBU-MAIN LIBRARY (Kitwe)
_I49.98
_jTK 7881.15 Ras
_M5
_UAVAILABLE
_WNov 27, 2019
_y750080
_ZShort Loan Collection
995 _aSHORT LOAN BOOKS
_e749464
_FCBU-MAIN LIBRARY (Kitwe)
_I49.98
_jTK 7881.15 Ras
_M3
_UAVAILABLE
_WJul 16, 2019
_y749464
_ZShort Loan Collection
995 _aSHORT LOAN BOOKS
_e749463
_FCBU-MAIN LIBRARY (Kitwe)
_I49.98
_jTK 7881.15 Ras
_M4
_UAVAILABLE
_WJul 16, 2019
_y749463
_ZShort Loan Collection
995 _aMAIN LIBRARY OPEN ACCESS
_e749466
_FCBU-MAIN LIBRARY (Kitwe)
_I49.98
_jTK 7881.15 Ras
_M1
_UAVAILABLE
_WJul 16, 2019
_y749466
_ZMain Library Open Access Collection
999 _c82094
_d82094